000 01319naa a22003497a 4500
001 BR7405422
003 BR-BrBNA
005 20240918173619.0
007 ta
008 230509b bl.||||| |||| 00| 0 por d
040 _aBR-BrBNA
_bpor
_cBiblioteca Nacional de Agricultura
041 _a(Pt)
072 _aL30
_b5214
_b6100
_b8954
090 _aL30 BR7405422
100 1 _aLima, C.R.
100 1 _aDusi, G.A.
111 1 _a11. Reuniao da Sociedade Brasileira de Zootecnia
_cFortaleza, CE (Brazil)
_d22 Jul 1974
245 1 _aEsterco de galinha na alimentacao de novilhas mesticas (Holando - zebu)em regime de confinamento [RACAO; Gallus domesticus]
260 3 _aFortaleza, CE (Brasil):
_bUniversidade Federal do Ceara,
_c1974.
500 _aAnais da 11. Reuniao da Sociedade Brasileira de Zootecnia Fortaleza, CE (Brasil): Universidade Federal do Ceara, 1974. p. 140 (BR7405422-AM)L30
650 _aNutricao animal
650 _aGado leiteiro
650 _aGado holandes
650 _aGado zebu
650 _aEsterco de galinha
650 _aConfinamento
650 _aRacao
650 _aGanho de peso
773 0 _tAnais da 11. Reuniao da Sociedade Brasileira de Zootecnia
_wL30 BR7405422
_gFortaleza, CE (Brasil), 1974. p. 140
909 _a202404
_bLucia
_c55
_dLucia Elande
942 _cAM
_2AGRIS
999 _c305758
_d305758